All Governors of Kansas - Statistics

General Stats
  • This quiz has been taken 3 times
  • The average score is 21 of 48
Answer Stats
Years Served Party Governor % Correct
2019 - Present Democrat Laura Kelly
100%
1943 - 1947 Republican Andrew Frank Schoeppel
50%
1915 - 1919 Republican Arthur Capper
50%
1925 - 1929 Republican Benjamin S. Paulen
50%
1995 - 2003 Republican Bill Graves
50%
1861 - 1863 Republican Charles L. Robinson
50%
1929 - 1931 Democrat Clyde M. Reed
50%
1895 - 1897 Republican Edmund Needham Morrill
50%
1951 - 1955 Republican Edward F. Arn
50%
1905 - 1909 Republican Edward W. Hoch
50%
1947 - 1950 Republican Frank Carlson
50%
1950 - 1951 Republican Frank L. Hagaman
50%
1955 - 1957 Republican Fred Hall
50%
1957 - 1961 Democrat George Docking
50%
1913 - 1915 Democrat George H. Hodges
50%
1877 - 1879 Republican George T. Anthony
50%
1931 - 1933 Republican Harry Hines Woodring
50%
1919 - 1923 Republican Henry Justin Allen
50%
1869 - 1873 Republican James M. Harvey
50%
2018 - 2019 Republican Jeff Colyer
50%
1991 - 1995 Democrat Joan Finney
50%
1961 - 1965 Republican John Anderson Jr.
50%
1885 - 1889 Republican John Martin
50%
1957 Republican John McCuish
50%
1879 - 1883 Republican John St. John
50%
1979 - 1987 Democrat John W. Carlin
50%
1897 - 1899 Populist John W. Leedy
50%
1923 - 1925 Democrat Jonathan M. Davis
50%
2003 - 2009 Democrat Kathleen Sebelius
50%
1889 - 1993 Republican Lyman U. Humphrey
50%
2009 - 2011 Democrat Mark Parkinson
50%
1868 - 1869 Republican Nehemiah Green
50%
1939 - 1943 Republican Payne Ratner
50%
1967 - 1975 Democrat Robert Docking
50%
1975 - 1979 Republican Robert Frederick Bennett
50%
1865 - 1868 Republican Samuel J. Crawford
50%
1863 - 1865 Republican Thomas Carney
50%
1937 - 1939 Democrat Walter A. Huxman
50%
1909 - 1913 Republican Walter R. Stubbs
50%
1899 - 1903 Republican William Eugene Stanley
50%
1903 - 1905 Republican Willis J. Bailey
50%
1933 - 1937 Republican Alf Landon
0%
1883 - 1885 Democrat George Washington Glick
0%
1893 - 1895 Populist Lorenzo D. Lewelling
0%
1987 - 1991 Republican Mike Hayden
0%
2011 - 2018 Republican Sam Brownback
0%
1873 - 1877 Republican Thomas A. Osborn
0%
1965 - 1967 Republican William H. Avery
0%
No matching quizzes found
Score Distribution
Percent of People with Each Score
Percentile by Number Answered
Your Score History
You have not taken this quiz